Sayyid Ahmad Khan, Reinterpretation of Muslim Theology (Record no. 4560)

MARC details
000 -LEADER
fixed length control field 00614nam a2200241 a 4500
020 ## - INTERNATIONAL STANDARD BOOK NUMBER
ISBN
082 00 - DEWEY DECIMAL CLASSIFICATION NUMBER
Classification number 297.2
Author Cutter TRO
100 ## - MAIN ENTRY--AUTHOR NAME
Author name Troll, Christian W
245 ## - TITLE STATEMENT
Title Sayyid Ahmad Khan, Reinterpretation of Muslim Theology
260 ## - PUBLICATION, DISTRIBUTION, ETC. (IMPRINT)
Place of publication New Delhi
Name of publisher Vikas Publication House
Year of publication 1978
300 ## - PHYSICAL DESCRIPTION
Number of Pages 384p
500 ## - GENERAL NOTE
General note includes index and biblioraphy
505 2# - FORMATTED CONTENTS NOTE
Formatted contents note Index
650 ## - SUBJECT ADDED ENTRY--TOPICAL TERM
Topical Term Islam-Doctrines
942 ## - ADDED ENTRY ELEMENTS (KOHA)
Koha item type Books
700 1# -
-- Troll, Christian W
Holdings
Collection code Home library Current library Date acquired Cost, normal purchase price Full call number Accession Number Koha item type Shelving location
  Henry Martyn Institute Library Henry Martyn Institute Library 07/11/2007 100.00 297.2 TRO 09050 Books  
  Henry Martyn Institute Library Henry Martyn Institute Library 05/31/2018   297.2 TRO 9774 E-Books General stacks
                   Copyright © 2026 | Henry Martyn Institute | Hyderabad | TS-500052 | INDIA | Implemented by hmi.edu.in
Hit-Count:

Powered by Koha